Statistics for Anagrams of World Countries in 6 Western European Languages

Click here to take the quiz!

General Stats

  • This quiz has been taken 114 times
  • The average score is 8 of 20

Answer Stats

Country% Correct
Afghanistan
100%
Armenia
100%
Australia
100%
Bahamas
100%
Bahrain
100%
Bangladesh
100%
Bangladesh
100%
Belgium
100%
Belize
100%
Belize
100%
Belize
100%
Benin
100%
Benin
100%
Botswana
100%
Botswana
100%
Brasil
100%
Brazil
100%
Brunei
100%
Burkina Faso
100%
Cambogia
100%
Cameroon
100%
Canadá
100%
Canadá
100%
Canada
100%
Catar
100%
Cazaquistão
100%
Chad
100%
Chile
100%
Chili
100%
China
100%
China
100%
China
100%
Ciad
100%
Colombia
100%
Comoras
100%
Cuba
100%
Cuba
100%
Cuba
100%
Cuba
100%
Cyprus
100%
Czech Republic
100%
Djibouti
100%
Djibouti
100%
Egipto
100%
Egypt
100%
El Salvador
100%
Eritrea
100%
Espagne
100%
Fiji
100%
Fiji
100%
Finnland
100%
Gabon
100%
Gabon
100%
Gabon
100%
Gana
100%
Georgia
100%
Ghana
100%
Ghana
100%
Ghana
100%
Grenada
100%
Guatemala
100%
Guatemala
100%
Guatemala
100%
Guatemala
100%
Guyana
100%
Guyana
100%
Haiti
100%
Honduras
100%
Iceland
100%
India
100%
India
100%
Indien
100%
Indonésia
100%
Irak
100%
Irán
100%
Iran
100%
Iran
100%
Israel
100%
Israël
100%
Itália
100%
Italy
100%
Jamaica
100%
Jamaica
100%
Japan
100%
Japão
100%
Jemen
100%
Jordânia
100%
Kazakhstan
100%
Kazakhstan
100%
Kenya
100%
Kenya
100%
Kiribati
100%
Kiribati
100%
Kosovo
100%
Kuwait
100%
Kuwait
100%
Kyrgyzstan
100%
Laos
100%
Laos
100%
Laos
100%
Lesotho
100%
Liberia
100%
Líbia
100%
Libya
100%
Madagascar
100%
Madagascar
100%
Malawi
100%
Malaysia
100%
Maldives
100%
Mali
100%
Mali
100%
Malta
100%
Mexico
100%
México
100%
Moçambique
100%
Mongolia
100%
Namibia
100%
Nauru
100%
Nauru
100%
Nepal
100%
Nepal
100%
Nicaragua
100%
Nicaragua
100%
Niger
100%
Niger
100%
Níger
100%
Níger
100%
Nigéria
100%
Norway
100%
Omã
100%
Palau
100%
Panama
100%
Panama
100%
Paraguay
100%
Paraguay
100%
Paraguay
100%
Paraguay
100%
Perù
100%
Perú
100%
Peru
100%
Portugal
100%
Portugal
100%
Portugal
100%
Qatar
100%
Salvador
100%
Samoa
100%
Samoa
100%
Samoa
100%
Samoa
100%
Senegal
100%
Senegal
100%
Serbia
100%
Seychelles
100%
Siria
100%
Slovakia
100%
Sudán
100%
Sudan
100%
Sudan
100%
Swasiland
100%
Swaziland
100%
Taiwán
100%
Taiwan
100%
Tanzania
100%
Thailand
100%
Thailand
100%
Timor Leste
100%
Togo
100%
Togo
100%
Togo
100%
Togo
100%
Tonga
100%
Turkmenistán
100%
Tuvalu
100%
Uganda
100%
Uganda
100%
Uruguay
100%
Uruguay
100%
Uruguay
100%
Uruguay
100%
Vanuatu
100%
Vanuatu
100%
Vanuatu
100%
Vanuatu
100%
Vanuatu
100%
Venezuela
100%
Venezuela
100%
Venezuela
100%
Venezuela
100%
Viêt Nam
100%
Vietnam
100%
Yemen
100%
Yemen
100%
Zambie
100%
Zimbabwe
100%
Chad
80%
Georgia
80%
Oman
80%
Pakistan
80%
Guinea-Bissau
75%
Sweden
75%
Albania
67%
Albania
67%
España
67%
Iran
67%
Kenia
67%
Singapore
67%
Tchad
67%
Tonga
67%
Tuvalu
67%
Afghanistan
50%
Andorra
50%
Andorra
50%
Arménie
50%
Armenien
50%
Austria
50%
Azerbaijan
50%
Bahamas
50%
Barbados
50%
Bénin
50%
Bhutan
50%
Bhutan
50%
Bolívia
50%
Brasil
50%
Brunéi
50%
Brunei
50%
Burundi
50%
Camboja
50%
Chile
50%
Cile
50%
Costa de Marfil
50%
Croácia
50%
Croatia
50%
Djibouti
50%
Elfenbeinküste
50%
Finlandia
50%
Gibuti
50%
Grèce
50%
Grenada
50%
Grenade
50%
Guatemala
50%
Guinea-Bissau
50%
Guyana
50%
Haïti
50%
Kazakistan
50%
Kenia
50%
Kenya
50%
Laos
50%
Latvia
50%
Libanon
50%
Malawi
50%
Malaysia
50%
Mali
50%
Malí
50%
Mônaco
50%
Monaco
50%
Monténégro
50%
Montenegro
50%
Mosambik
50%
Myanmar
50%
Namibia
50%
Nauru
50%
Népal
50%
Nepal
50%
Niger
50%
Nigeria
50%
Oman
50%
Pakistan
50%
Palau
50%
Palau
50%
Panama
50%
Panama
50%
Papua Nuova Guinea
50%
Paraguay
50%
República
Centro-Africana
50%
Romania
50%
Sambia
50%
San Marino
50%
Seychelles
50%
Seychelles
50%
Slovenia
50%
Somalia
50%
Somalia
50%
Suriname
50%
Switzerland
50%
Syria
50%
Tonga
50%
Tonga
50%
Tunísia
50%
Turkmenistan
50%
Turkmenistan
50%
Vatican
50%
Venezuela
50%
Zambia
50%
Zâmbia
50%
Zambia
50%
Andorra
33%
Australia
33%
Bangladesch
33%
Burundi
33%
Ecuador
33%
Eritrea
33%
Érythrée
33%
Finlande
33%
Gambie
33%
Germania
33%
Germany
33%
Guiana
33%
Haiti
33%
Île Maurice
33%
Liechtenstein
33%
Lithuania
33%
Luxemburgo
33%
Malta
33%
Malte
33%
Montenegro
33%
Nauru
33%
Nicaragua
33%
Nigeria
33%
Russia
33%
Saudi Arabia
33%
Taiwan
33%
Türkei
33%
Ukraine
33%
United Kingdom
33%
Barbados
25%
Benin
25%
Island
25%
Israele
25%
Malesia
25%
Trinidad and Tobago
25%
Afeganistão
0%
Afganistán
0%
Afghanistan
0%
Afghanistan
0%
África do Sul
0%
Afrique du Sud
0%
Ägypten
0%
Albânia
0%
Albania
0%
Albanie
0%
Albanien
0%
Alemanha
0%
Alemania
0%
Algeria
0%
Algeria
0%
Algérie
0%
Algerien
0%
Allemagne
0%
Andorra
0%
Andorra
0%
Andorre
0%
Angola
0%
Angola
0%
Angola
0%
Angola
0%
Angola
0%
Angola
0%
Antigua and Barbuda
0%
Antígua e Barbuda
0%
Antigua e Barbuda
0%
Antigua-et-Barbuda
0%
Antigua und Barbuda
0%
Antigua y Barbuda
0%
Äquatorial-Guinea
0%
Arabia Saudita
0%
Arabia Saudita
0%
Arábia Saudita
0%
Arabie Saoudite
0%
Argelia
0%
Argélia
0%
Argentina
0%
Argentina
0%
Argentina
0%
Argentina
0%
Argentine
0%
Argentinien
0%
Armênia
0%
Armenia
0%
Armenia
0%
Aserbaidschan
0%
Äthiopien
0%
Austrália
0%
Australia
0%
Australie
0%
Australien
0%
Austria
0%
Áustria
0%
Austria
0%
Autriche
0%
Azerbaïdjan
0%
Azerbaijan
0%
Azerbaijão
0%
Azerbaiyán
0%
Bahamas
0%
Bahamas
0%
Bahamas
0%
Bahamas
0%
Bahrain
0%
Bahrain
0%
Bahrein
0%
Bahreïn
0%
Bangladés
0%
Bangladesh
0%
Bangladesh
0%
Barbade
0%
Barbados
0%
Barbados
0%
Barbados
0%
Baréin
0%
Belarus
0%
Bélgica
0%
Bélgica
0%
Belgien
0%
Belgio
0%
Belgique
0%
Belice
0%
Belize
0%
Belize
0%
Benim
0%
Benín
0%
Bhoutan
0%
Bhutan
0%
Bielorrusia
0%
Bielorrússia
0%
Bielorussia
0%
Biélorussie
0%
Birma
0%
Birmania
0%
Birmânia
0%
Birmanie
0%
Bolivia
0%
Bolivia
0%
Bolivia
0%
Bolivie
0%
Bolivien
0%
Bosnia and
Herzegovina
0%
Bosnia
ed Erzegovina
0%
Bósnia e Herzegovina
0%
Bosnia y Herzegovina
0%
Bosnie-Herzégovine
0%
Bosnien und
Herzegowina
0%
Botsuana
0%
Botswana
0%
Botswana
0%
Botswana
0%
Brasile
0%
Brasilien
0%
Brésil
0%
Brunei
0%
Brunei
0%
Brunei
0%
Bulgaria
0%
Bulgaria
0%
Bulgária
0%
Bulgaria
0%
Bulgarie
0%
Bulgarien
0%
Burkina Faso
0%
Burkina Faso
0%
Burkina Faso
0%
Burkina Faso
0%
Burkina Faso
0%
Burundi
0%
Burundi
0%
Burundi
0%
Burundi
0%
Bután
0%
Butão
0%
Cabo Verde
0%
Cabo Verde
0%
Camarões
0%
Cambodge
0%
Cambodia
0%
Camboya
0%
Cameroun
0%
Camerún
0%
Camerun
0%
Canada
0%
Canada
0%
Cape Verde
0%
Capo Verde
0%
Cap-Vert
0%
Catar
0%
Central African Republic
0%
Chade
0%
Chile
0%
Chile
0%
China
0%
Chine
0%
Chipre
0%
Chipre
0%
Chypre
0%
Cina
0%
Cipro
0%
Città del Vaticano
0%
Ciudad del Vaticano
0%
Colombia
0%
Colômbia
0%
Colombia
0%
Colombie
0%
Comores
0%
Comores
0%
Comoros
0%
Comoros
0%
Corea del Nord
0%
Corea del Norte
0%
Corea del Sud
0%
Corea del Sur
0%
Corée du Nord
0%
Corée du Sud
0%
Coréia do Norte
0%
Coréia do Sul
0%
Costa d'Avorio
0%
Costa do Marfim
0%
Costa Rica
0%
Costa Rica
0%
Costa Rica
0%
Costa Rica
0%
Costa Rica
0%
Costa Rica
0%
Côte d'Ivoire
0%
Croacia
0%
Croatie
0%
Croazia
0%
Cuba
0%
Danemark
0%
Dänemark
0%
Danimarca
0%
Democratic Republic
of the Congo
0%
Demokratische
Republik Kongo
0%
Denmark
0%
Deutschland
0%
Dinamarca
0%
Dinamarca
0%
Dominica
0%
Dominica
0%
Dominica
0%
Dominica
0%
Dominica
0%
Dominican Republic
0%
Dominikanische
Republik
0%
Dominique
0%
Dschibuti
0%
East Timor
0%
Ecuador
0%
Ecuador
0%
Ecuador
0%
Egito
0%
Egitto
0%
Égypte
0%
El Salvador
0%
El Salvador
0%
El Salvador
0%
El Salvador
0%
Emirados Árabes
Unidos
0%
Emirati Arabi Uniti
0%
Emiratos Árabes
Unidos
0%
Émirats arabes unis
0%
Equador
0%
Équateur
0%
Equatorial Guinea
0%
Eritrea
0%
Eritrea
0%
Eritreia
0%
Eslovaquia
0%
Eslováquia
0%
Eslovenia
0%
Eslovénia
0%
Espanha
0%
Estados Federados
de Micronesia
0%
Estados Federados da
Micronésia
0%
Estados Unidos
0%
Estados Unidos
0%
Estland
0%
Estonia
0%
Estônia
0%
Estonia
0%
Estonia
0%
Estonie
0%
Etats-Unis
0%
Ethiopia
0%
Éthiopie
0%
Etiópia
0%
Etiopia
0%
Etiopía
0%
Federated States of
Micronesia
0%
Fidji
0%
Fidschi
0%
Figi
0%
Filipinas
0%
Filipinas
0%
Filippine
0%
Finland
0%
Finlândia
0%
Finlandia
0%
Fiyi
0%
Föderierte Staaten
von Mikronesien
0%
França
0%
France
0%
France
0%
Francia
0%
Francia
0%
Frankreich
0%
Gabão
0%
Gabón
0%
Gabun
0%
Gambia
0%
Gambia
0%
Gâmbia
0%
Gambia
0%
Gambia
0%
Georgia
0%
Geórgia
0%
Géorgie
0%
Georgien
0%
Ghana
0%
Ghana
0%
Giamaica
0%
Giappone
0%
Giordania
0%
Granada
0%
Granada
0%
Grécia
0%
Grecia
0%
Grecia
0%
Greece
0%
Grenada
0%
Griechenland
0%
Guatemala
0%
Guiné
0%
Guinea
0%
Guinea
0%
Guinea
0%
Guinea
0%
Guinea-Bissau
0%
Guinea-Bissau
0%
Guinea Ecuatorial
0%
Guinea Equatoriale
0%
Guiné-Bissau
0%
Guinée
0%
Guinée-Bissau
0%
Guinée équatoriale
0%
Guiné Equatorial
0%
Guyana
0%
Guyana
0%
Haití
0%
Haiti
0%
Haiti
0%
Honduras
0%
Honduras
0%
Honduras
0%
Honduras
0%
Honduras
0%
Hongrie
0%
Hungary
0%
Hungría
0%
Hungria
0%
Iémen
0%
Îles Marshall
0%
Ilhas Marshall
0%
Ilhas Salomão
0%
Inde
0%
India
0%
Índia
0%
Indonesia
0%
Indonesia
0%
Indonesia
0%
Indonésie
0%
Indonesien
0%
Irak
0%
Irak
0%
Iran
0%
Irão
0%
Iraq
0%
Iraq
0%
Iraque
0%
Ireland
0%
Irland
0%
Irlanda
0%
Irlanda
0%
Irlanda
0%
Irlande
0%
Islanda
0%
Islande
0%
Islandia
0%
Islândia
0%
Islas Marshall
0%
Islas Salomón
0%
Isole Marshall
0%
Isole Salomone
0%
Israel
0%
Israel
0%
Israel
0%
Italia
0%
Italia
0%
Italie
0%
Italien
0%
Ivory Coast
0%
Jamaica
0%
Jamaika
0%
Jamaïque
0%
Japan
0%
Japón
0%
Japon
0%
Jordan
0%
Jordania
0%
Jordanie
0%
Jordanien
0%
Kambodscha
0%
Kamerun
0%
Kanada
0%
Kap Verde
0%
Kasachstan
0%
Katar
0%
Kazajistán
0%
Kirghizistan
0%
Kirghizistan
0%
Kirgisistan
0%
Kirguistán
0%
Kiribati
0%
Kiribati
0%
Kiribati
0%
Kiribati
0%
Kolumbien
0%
Komoren
0%
Kosovo
0%
Kosovo
0%
Kosovo
0%
Kosovo
0%
Kosovo
0%
Koweït
0%
Kroatien
0%
Kuba
0%
Kuwait
0%
Kuwait
0%
Kuweit
0%
Laos
0%
Laos
0%
Lebanon
0%
Lesotho
0%
Lesotho
0%
Lesotho
0%
Lesoto
0%
Lesoto
0%
Letonia
0%
Letónia
0%
Lettland
0%
Lettonia
0%
Lettonie
0%
Liban
0%
Líbano
0%
Libano
0%
Líbano
0%
Libéria
0%
Liberia
0%
Liberia
0%
Liberia
0%
Liberia
0%
Libia
0%
Libia
0%
Libye
0%
Libyen
0%
Liechtenstein
0%
Liechtenstein
0%
Liechtenstein
0%
Liechtenstein
0%
Liechtenstein
0%
Litauen
0%
Lituânia
0%
Lituania
0%
Lituania
0%
Lituanie
0%
Lussemburgo
0%
Luxembourg
0%
Luxembourg
0%
Luxemburg
0%
Luxemburgo
0%
Macédoine
0%
Macedónia
0%
Macedonia
0%
Macedonia
0%
Madagascar
0%
Madagáscar
0%
Madagascar
0%
Madagaskar
0%
Malaisie
0%
Malásia
0%
Malasia
0%
Malaui
0%
Malawi
0%
Malawi
0%
Malawi
0%
Maldivas
0%
Maldivas
0%
Maldive
0%
Maldives
0%
Malediven
0%
Mali
0%
Mali
0%
Malta
0%
Malta
0%
Malta
0%
Maroc
0%
Marocco
0%
Marokko
0%
Marrocos
0%
Marruecos
0%
Marshallinseln
0%
Marshall Islands
0%
Mauretanien
0%
Maurícia
0%
Mauricio
0%
Mauritania
0%
Mauritânia
0%
Mauritania
0%
Mauritania
0%
Mauritanie
0%
Mauritius
0%
Mauritius
0%
Mauritius
0%
Mazedonien
0%
Messico
0%
México
0%
Mexiko
0%
Mexique
0%
Micronésie
0%
Moldávia
0%
Moldavia
0%
Moldavia
0%
Moldavie
0%
Moldawien
0%
Moldova
0%
Monaco
0%
Monaco
0%
Monaco
0%
Mónaco
0%
Mongolei
0%
Mongólia
0%
Mongolia
0%
Mongolia
0%
Mongolie
0%
Montenegro
0%
Montenegro
0%
Montenegro
0%
Morocco
0%
Mozambico
0%
Mozambique
0%
Mozambique
0%
Mozambique
0%
Myanmar
0%
Namíbia
0%
Namibia
0%
Namibia
0%
Namibie
0%
Nauru
0%
Nauru
0%
Nepal
0%
Nepal
0%
Netherlands
0%
Neuseeland
0%
New Zealand
0%
Nicaragua
0%
Nicarágua
0%
Nicaragua
0%
Niederlande
0%
Niger
0%
Nigeria
0%
Nigeria
0%
Nigeria
0%
Nordkorea
0%
North Korea
0%
Noruega
0%
Noruega
0%
Norvège
0%
Norvegia
0%
Norwegen
0%
Nouvelle-Zélande
0%
Nova Zelândia
0%
Nueva Zelanda
0%
Nuova Zelanda
0%
Omán
0%
Oman
0%
Oman
0%
Österreich
0%
Osttimor
0%
Ouganda
0%
Ouzbékistan
0%
Paesi Bassi
0%
Países Baixos
0%
Países Bajos
0%
Pakistan
0%
Pakistan
0%
Pakistán
0%
Palaos
0%
Palaos
0%
Palau
0%
Panamá
0%
Panamá
0%
Papouasie-Nouvelle-
Guinée
0%
Papua-Neuguinea
0%
Papua New Guinea
0%
Papua Nova Guiné
0%
Papua Nueva Guinea
0%
Paquistão
0%
Paraguai
0%
Pays-Bas
0%
Pérou
0%
Peru
0%
Peru
0%
Philippinen
0%
Philippines
0%
Philippines
0%
Poland
0%
Polen
0%
Pologne
0%
Polonia
0%
Polonia
0%
Polônia
0%
Portogallo
0%
Portugal
0%
Portugal
0%
Qatar
0%
Qatar
0%
Quênia
0%
Quirguistão
0%
Regno Unito
0%
Reino Unido
0%
Reino Unido
0%
Repubblica Ceca
0%
Repubblica Centrafricana
0%
Repubblica del Congo
0%
Repubblica Democratica
del Congo
0%
Repubblica Dominicana
0%
República
Centroafricana
0%
República Checa
0%
República Checa
0%
República de
Macedonia
0%
República del Congo
0%
República Democrática
del Congo
0%
República Democrática
do Congo
0%
República do Congo
0%
República Dominicana
0%
República Dominicana
0%
Republic of the Congo
0%
Republik Kongo
0%
République
Centrafricaine
0%
République démocratique
du Congo
0%
République dominicaine
0%
République du Congo
0%
République tchèque
0%
Romania
0%
Romênia
0%
Roumanie
0%
Royaume-Uni
0%
Ruanda
0%
Ruanda
0%
Ruanda
0%
Ruanda
0%
Rumania
0%
Rumänien
0%
Rusia
0%
Rússia
0%
Russia
0%
Russie
0%
Russland
0%
Rwanda
0%
Rwanda
0%
Saint-Christophe-
et-Niévès
0%
Sainte-Lucie
0%
Saint Kitts and Nevis
0%
Saint Kitts e Nevis
0%
Saint Lucia
0%
Saint-Marin
0%
Saint Vincent and the
Grenadines
0%
Saint Vincent e
Grenadine
0%
Saint-Vincent-et-les-
Grenadines
0%
Salomon
0%
Salomonen
0%
Samoa
0%
Samoa
0%
San Cristóbal y Nieves
0%
San Marino
0%
San Marino
0%
San Marino
0%
San Marino
0%
Santa Lúcia
0%
Santa Lucía
0%
Santa Lucia
0%
Santo Tomé y Príncipe
0%
San Vicente y las
Granadinas
0%
São Cristóvão
e Nevis
0%
São Tomé and Príncipe
0%
São Tomé e Príncipe
0%
Sao Tome e Principe
0%
Sao Tomé-et-Principe
0%
São Tomé und
Príncipe
0%
São Vicente e
Granadinas
0%
Saudi-Arabien
0%
Schweden
0%
Schweiz
0%
Senegal
0%
Senegal
0%
Senegal
0%
Sénégal
0%
Serbia
0%
Serbia
0%
Serbie
0%
Serbien
0%
Serra Leoa
0%
Sérvia
0%
Seychellen
0%
Seychelles
0%
Seychelles
0%
Sierra Leona
0%
Sierra Leone
0%
Sierra Leone
0%
Sierra Leone
0%
Sierra Leone
0%
Simbabwe
0%
Singapore
0%
Singapour
0%
Singapur
0%
Singapur
0%
Singapura
0%
Siria
0%
Síria
0%
Slovacchia
0%
Slovaquie
0%
Slovenia
0%
Slovénie
0%
Slowakei
0%
Slowenien
0%
Solomon Islands
0%
Somalia
0%
Somalia
0%
Somália
0%
Somalie
0%
Soudan
0%
Soudan du Sud
0%
South Africa
0%
South Korea
0%
South Sudan
0%
Spagna
0%
Spain
0%
Spanien
0%
Sri Lanka
0%
Sri Lanka
0%
Sri Lanka
0%
Sri Lanka
0%
Sri Lanka
0%
Sri Lanka
0%
Stati Federati di
Micronesia
0%
Stati Uniti
0%
St. Kitts und Nevis
0%
St. Lucia
0%
St. Vincent und die
Grenadinen
0%
Suazilandia
0%
Suazilândia
0%
Sudafrica
0%
Sudáfrica
0%
Südafrika
0%
Sudan
0%
Sudán del Sur
0%
Sudão
0%
Sudão do Sul
0%
Südkorea
0%
Südsudan
0%
Sud Sudan
0%
Suécia
0%
Suecia
0%
Suède
0%
Suíça
0%
Suisse
0%
Suiza
0%
Surinam
0%
Suriname
0%
Suriname
0%
Suriname
0%
Suriname
0%
Svezia
0%
Svizzera
0%
Swaziland
0%
Swaziland
0%
Syrie
0%
Syrien
0%
Tadjikistan
0%
Tadschikistan
0%
Tagikistan
0%
Tailândia
0%
Tailandia
0%
Taïwan
0%
Taiwan
0%
Taiwan
0%
Tajikistan
0%
Tajiquistão
0%
Tansania
0%
Tanzânia
0%
Tanzania
0%
Tanzania
0%
Tanzanie
0%
Tayikistán
0%
Thaïlande
0%
Thailandia
0%
Timor Est
0%
Timor oriental
0%
Timor Oriental
0%
Togo
0%
Togo
0%
Tonga
0%
Tonga
0%
Trinidad e Tobago
0%
Trinidad e Tobago
0%
Trinidad und Tobago
0%
Trinidad y Tobago
0%
Trinité-et-Tobago
0%
Tschad
0%
Tschechien
0%
Tunesien
0%
Túnez
0%
Tunisia
0%
Tunisia
0%
Tunisie
0%
Turchia
0%
Turkey
0%
Turkmenistan
0%
Turkménistan
0%
Turquemenistão
0%
Turquia
0%
Turquía
0%
Turquie
0%
Tuvalu
0%
Tuvalu
0%
Tuvalu
0%
Tuvalu
0%
Ucraina
0%
Ucrânia
0%
Ucrania
0%
Uganda
0%
Uganda
0%
Uganda
0%
Ukraine
0%
Ukraine
0%
Ungarn
0%
Ungheria
0%
United Arab Emirates
0%
United States
0%
Uruguai
0%
Uruguay
0%
Usbekistan
0%
Uzbekistán
0%
Uzbekistan
0%
Uzbekistan
0%
Uzbequistão
0%
Vanuatu
0%
Vatican City
0%
Vaticano
0%
Vatikanstadt
0%
Venezuela
0%
Vereinigte Arabische
Emirate
0%
Vereinigtes Königreich
0%
Vereinigte Staaten
0%
Vietnam
0%
Vietnam
0%
Vietnam
0%
Vietname
0%
Weißrussland
0%
Yémen
0%
Yemen
0%
Yibuti
0%
Zambia
0%
Zentralafrikanische
Republik
0%
Zimbábue
0%
Zimbabue
0%
Zimbabwe
0%
Zimbabwe
0%
Zypern
0%

Score Distribution

Percentile by Number Answered

Percent of People with Each Score

Your Score History

You have not taken this quiz